01265pam a2200193 a 4500020004000000020002100040022001800061050001800079100002700097245014100124250001200265260004300277300005100320500001900371505061700390650002201007700001901029700002301048 a0070284695 (hardcover : alk. paper) a007115728X (ISE) a978007028469200aBF721b.H418 1 aHetherington, E. Mavis10aChild psychology :ba contemporary viewpoint /cE. Mavis Hetherington, Ross D. Parke ; revised by Ross D. Parke and Virginia Otis Locke. a5th ed. aBoston :bMcGraw-Hill College,cc1999. a1 v. (various pagings) :bcol. ill. ;c29 cm. aIncludes index aThemes and theories of child development. -- Research methods in child psychology. -- Heredity and the environment. -- Prenatal development and birth. -- Infancy: sensation, perception, and learning. -- The child's growth: brain, body, motor skills, and sexual maturation. -- Emotional development. -- Language and communication. -- Cognitive development: Piaget and Vygotsky. -- Cognitive development: the information-processing approach. -- Intelligence. -- The family. -- Peers and friends. -- Schools, technology, and television. -- Gender roles and gender differences. -- Morality, altruism, and aggression. 0aChild psychology.1 aParke, Ross D.1 aLocke, Virginia O.